[Event "8 Player Open 18"]
[Site "SchemingMind.com"]
[Date "2014.12.06"]
[Round "-"]
[White "Scooter"]
[Black "simpet"]
[Result "1-0"]
[WhiteCountry "USA"]
[BlackCountry "ENG"]
[WhiteElo "1759"]
[WhiteRD "48"]
[BlackElo "1646"]
[BlackRD "61"]
[GameID "370786"]

1. d4 f5 2. Nf3 e6 3. Bg5 Be7 4. Bxe7 Qxe7 5. c3 Nf6 6. Nbd2 O-O 7. e3 Nc6 8. Bd3 b6 9. O-O Bb7 10. Re1 d6
11. e4 fxe4 12. Nxe4 Nxe4 13. Bxe4 d5 14. Bxd5 Rf6 15. Ng5
1-0

[Event "8 Player Open 18"]
[Site "SchemingMind.com"]
[Date "2014.12.06"]
[Round "-"]
[White "simpet"]
[Black "Scooter"]
[Result "0-1"]
[WhiteCountry "ENG"]
[BlackCountry "USA"]
[WhiteElo "1585"]
[WhiteRD "56"]
[BlackElo "1778"]
[BlackRD "45"]
[GameID "370787"]

1. e4 c6 2. Bc4 d5 3. exd5 cxd5 4. Bb5+ Bd7 5. Qe2 Nf6 6. Nf3 a6 7. Bxd7+ Nbxd7 8. Nc3 e6 9. d4 Bb4 10. Bd2 O-O
11. a3 Bxc3 12. Bxc3 Rc8 13. O-O Ne4 14. Qd3 Ndf6 15. Ne5 Nxc3 16. bxc3 Qc7 17. Rab1 b5 18. h3 Qxc3 19. Rfc1 Rc7 20. Rb3 Qxd3
21. Rxd3 Rfc8 22. Rd2 Ne4 23. Re2 Nc3 24. Rd2 Na2 25. Ra1 Rxc2 26. Rxa2 Rxd2 27. Rxd2 Rc3 28. Rd3 Rc1+ 29. Kh2 Rc2 30. f3 Kf8
0-1

[Event "8 Player Open 18"]
[Site "SchemingMind.com"]
[Date "2014.12.11"]
[Round "-"]
[White "Scooter"]
[Black "eun77"]
[Result "1-0"]
[WhiteCountry "USA"]
[BlackCountry "ISR"]
[WhiteElo "1708"]
[WhiteRD "44"]
[BlackElo "1293"]
[BlackRD "54"]
[GameID "371048"]

1. d4 d5 2. Nf3 e6 3. Bf4 h6 4. h3 Nf6 5. e3 Be7 6. Nbd2 O-O 7. Bd3 Nh7 8. O-O f5 9. Re1 Bg5 10. Bxg5 Nxg5
11. Nxg5 Qxg5 12. Nf3 Qd8 13. c4 c6 14. cxd5 cxd5 15. Rc1 Bd7 16. Qb3 b6 17. Ne5 Be8 18. Bb5 Bxb5 19. Qxb5 a6 20. Qe2 Qe8
21. Rc7 a5 22. Rec1 Qd8 23. Rb7 Na6 24. a3 Rc8 25. Nc6 Qf6 26. Ne7+
1-0

[Event "8 Player Open 18"]
[Site "SchemingMind.com"]
[Date "2014.12.10"]
[Round "-"]
[White "eun77"]
[Black "Scooter"]
[Result "0-1"]
[WhiteCountry "ISR"]
[BlackCountry "USA"]
[WhiteElo "1293"]
[WhiteRD "54"]
[BlackElo "1708"]
[BlackRD "44"]
[GameID "371049"]

1. Nc3 Nf6 2. d4 g6 3. e3 Bg7 4. Nf3 O-O 5. Be2 d6 6. h3 b6 7. O-O Bb7 8. Nh2 Nbd7 9. f4 Ne4 10. Nxe4 Bxe4
11. Bf3 Bxf3 12. Qxf3 c5 13. dxc5 Nxc5 14. c3 Rc8 15. Rf2 Nd3 16. Rd2 Nxc1 17. Rxc1 Qd7 18. a3 Qc6 19. Qxc6 Rxc6 20. Nf3 a5
21. Nh2 Rfc8 22. Nf3 b5 23. Nd4 Bxd4 24. exd4 b4 25. axb4 axb4 26. Rd3 f5 27. Kf1 Kf7 28. Ke2 d5 29. Kd2 b3
0-1

[Event "8 Player Open 18"]
[Site "SchemingMind.com"]
[Date "2014.12.09"]
[Round "-"]
[White "eun77"]
[Black "simpet"]
[Result "1-0"]
[WhiteCountry "ISR"]
[BlackCountry "ENG"]
[WhiteElo "1264"]
[WhiteRD "56"]
[BlackElo "1487"]
[BlackRD "67"]
[GameID "371050"]

1. c4 d6 2. d3 f5 3. e3 Nf6 4. Nf3 e5 5. Be2 Be7 6. h3 Nc6 7. O-O O-O 8. Nh2 Be6 9. Nc3 e4 10. dxe4 fxe4
11. Bg4 Nxg4 12. Nxg4 Bh4 13. Nh2 Ne5 14. b3 Qf6 15. Nd5 Bxd5 16. cxd5 Nd3 17. f4 Qf5 18. Bd2 Qxd5 19. Ng4 h5 20. Nf2 Bxf2+
21. Rxf2 Nxf2 22. Kxf2 Qc5 23. Rc1 Qb6 24. Qxh5
1-0

[Event "8 Player Open 18"]
[Site "SchemingMind.com"]
[Date "2014.12.11"]
[Round "-"]
[White "simpet"]
[Black "eun77"]
[Result "0-1"]
[WhiteCountry "ENG"]
[BlackCountry "ISR"]
[WhiteElo "1487"]
[WhiteRD "67"]
[BlackElo "1264"]
[BlackRD "56"]
[GameID "371051"]

1. e4 e5 2. Nf3 d6 3. Bb5+ c6 4. Ba4 b5 5. Bb3 h6 6. O-O Nf6 7. d3 Be7 8. Nh4 d5 9. exd5 cxd5 10. Nc3 a6
11. a3 O-O 12. Qf3 Kh7 13. Ne2 Bg4 14. Qe3 Bxe2 15. Qxe2 Ne8 16. Nf5 Bf6 17. Qf3 Nd6 18. Nxd6 Qxd6 19. Bxd5 Ra7 20. Qf5+ g6
21. Qe4 Rd7
0-1

[Event "8 Player Open 18"]
[Site "SchemingMind.com"]
[Date "2014.12.12"]
[Round "-"]
[White "emvarela"]
[Black "Scooter"]
[Result "1/2-1/2"]
[WhiteCountry "ARG"]
[BlackCountry "USA"]
[WhiteElo "1660"]
[WhiteRD "50"]
[BlackElo "1708"]
[BlackRD "44"]
[GameID "371128"]

1. e4 c6 2. d4 d5 3. exd5 cxd5 4. c4 Nf6 5. Nc3 Nc6 6. Bg5 e6 7. cxd5 exd5 8. Bb5 Be7 9. Nf3 Bd7 10. Bxc6 bxc6
11. Bxf6 Bxf6 12. O-O O-O 13. Re1 Re8 14. Rxe8+ Qxe8 15. Qd3 Qf8 16. Re1 Re8 17. h3 Rxe1+ 18. Nxe1 Qb4 19. Nf3 Qxb2 20. Ne5 Bxe5
21. dxe5 Qc1+ 22. Kh2 Qf4+ 23. Qg3 Qxg3+ 24. Kxg3 d4 25. Ne4 Bf5 26. Nd2 c5 27. f4 Be6 28. Nb3 Bxb3 29. axb3 a5 30. Kf3 Kf8
31. Ke4 Ke7 32. f5 g6 33. g4 f6 34. e6 g5 35. Kd3 Kd6 36. Kc4 h6 37. Kd3 Kc6 38. Kc4 Kc7 39. Kd3 Kd6=
1/2-1/2

[Event "8 Player Open 18"]
[Site "SchemingMind.com"]
[Date "2014.12.12"]
[Round "-"]
[White "Scooter"]
[Black "emvarela"]
[Result "1/2-1/2"]
[WhiteCountry "USA"]
[BlackCountry "ARG"]
[WhiteElo "1731"]
[WhiteRD "44"]
[BlackElo "1693"]
[BlackRD "51"]
[GameID "371129"]

1. d4 d5 2. Nf3 Nf6 3. Bf4 e6 4. e3 Bd6 5. Bxd6 Qxd6 6. c3 c5 7. Bb5+ Bd7 8. Bxd7+ Nbxd7 9. O-O cxd4 10. cxd4 O-O
11. Nbd2 Rac8 12. Rc1 Nb6 13. b3 Rxc1 14. Qxc1 Rc8 15. Qb2 h6 16. Rc1 Rxc1+ 17. Qxc1 Nfd7 18. g3 f6 19. Qc2 e5 20. dxe5 Nxe5
21. Nxe5 fxe5 22. Nf3 Qf6 23. Qd1 Kf7=
1/2-1/2

[Event "8 Player Open 18"]
[Site "SchemingMind.com"]
[Date "2014.12.13"]
[Round "-"]
[White "emvarela"]
[Black "eun77"]
[Result "1-0"]
[WhiteCountry "ARG"]
[BlackCountry "ISR"]
[WhiteElo "1679"]
[WhiteRD "50"]
[BlackElo "1264"]
[BlackRD "56"]
[GameID "371130"]

1. e4 e5 2. Nf3 d6 3. d4 Be7 4. dxe5 dxe5 5. Qxd8+ Bxd8 6. Bd3 Bf6 7. h3 Ne7 8. O-O h6 9. Be3 O-O 10. Nc3 c6
11. Bc5 b6 12. Bxe7 Bxe7 13. Nxe5 Bb7 14. f4
1-0

[Event "8 Player Open 18"]
[Site "SchemingMind.com"]
[Date "2014.12.12"]
[Round "-"]
[White "eun77"]
[Black "emvarela"]
[Result "0-1"]
[WhiteCountry "ISR"]
[BlackCountry "ARG"]
[WhiteElo "1264"]
[WhiteRD "56"]
[BlackElo "1679"]
[BlackRD "50"]
[GameID "371131"]

1. d4 Nf6 2. e3 d5 3. h3 e6 4. Nf3 c5 5. dxc5 Bxc5 6. Bb5+ Bd7 7. Bxd7+ Nbxd7 8. O-O O-O 9. Nh2 Qb6 10. b3 d4
11. exd4 Bxd4 12. c3 Bxf2+ 13. Rxf2 Ne4 14. Qd4 Nxf2 15. Qxb6 Nxb6 16. Kxf2 Rfd8 17. Nd2 Rd3 18. Ndf3 Rxc3 19. Be3 Nd5
0-1

[Event "8 Player Open 18"]
[Site "SchemingMind.com"]
[Date "2014.12.13"]
[Round "-"]
[White "emvarela"]
[Black "simpet"]
[Result "0-1"]
[WhiteCountry "ARG"]
[BlackCountry "ENG"]
[WhiteElo "1693"]
[WhiteRD "51"]
[BlackElo "1591"]
[BlackRD "61"]
[GameID "371132"]

1. e4 e5 2. Nf3 Nc6 3. d4 exd4 4. c3 dxc3 5. Bc4 Bc5 6. Nxc3 Nf6 7. Bg5 h6 8. Bxf6 Qxf6 9. Nd5 Qxb2 10. Rc1 Qxf2#
0-1

[Event "8 Player Open 18"]
[Site "SchemingMind.com"]
[Date "2014.12.12"]
[Round "-"]
[White "simpet"]
[Black "emvarela"]
[Result "0-1"]
[WhiteCountry "ENG"]
[BlackCountry "ARG"]
[WhiteElo "1487"]
[WhiteRD "67"]
[BlackElo "1679"]
[BlackRD "50"]
[GameID "371133"]

1. e4 e5 2. Nf3 Nc6 3. Bc4 Bc5 4. d3 Nf6 5. Ng5 O-O 6. O-O d6 7. h3 h6 8. Nf3 Qe7 9. Nc3 Nd4 10. Nd5 Nxf3+
11. Qxf3 Nxd5 12. Bxd5 c6 13. Bb3 Be6 14. Bxe6 fxe6 15. Qe2 d5 16. Be3 Bxe3 17. Qxe3 d4 18. Qg3 Rf4 19. f3 Raf8 20. a4 R8f6
21. Qe1 Rg6 22. b4 Qg5 23. g4 h5
0-1

[Event "8 Player Open 18"]
[Site "SchemingMind.com"]
[Date "2014.12.11"]
[Round "-"]
[White "pcmvr"]
[Black "emvarela"]
[Result "1-0"]
[WhiteCountry "NED"]
[BlackCountry "ARG"]
[WhiteElo "2457"]
[WhiteRD "117"]
[BlackElo "1679"]
[BlackRD "50"]
[GameID "371242"]

1. b4 Nf6 2. Bb2 e6 3. b5 b6 4. e3 a6 5. a4 axb5 6. axb5 Rxa1 7. Bxa1 c5 8. bxc6 dxc6 9. Nf3 Be7 10. c4 O-O
11. Be2 Nbd7 12. O-O Qc7 13. Nc3 h6 14. d4 e5 15. dxe5 Nxe5 16. Nxe5 Qxe5 17. Nd5 Qe6 18. Nxb6 Rd8 19. Qa4 Bd7 20. Nxd7 Qxd7
21. Rd1 Qb7 22. Rxd8+ Bxd8 23. g3 Qb1+ 24. Kg2 c5 25. Bxf6 Bxf6 26. Qe8+ Kh7 27. Bf3 Qg6 28. Be4
1-0

[Event "8 Player Open 18"]
[Site "SchemingMind.com"]
[Date "2014.12.12"]
[Round "-"]
[White "emvarela"]
[Black "pcmvr"]
[Result "0-1"]
[WhiteCountry "ARG"]
[BlackCountry "NED"]
[WhiteElo "1679"]
[WhiteRD "50"]
[BlackElo "2457"]
[BlackRD "117"]
[GameID "371243"]

1. e4 e6 2. d4 d5 3. Nc3 Nf6 4. Bg5 Bb4 5. exd5 Qxd5 6. Bxf6 Bxc3+ 7. bxc3 gxf6 8. Qf3 Qxf3 9. Nxf3 b6 10. Be2 Nc6
11. Bb5 Bb7 12. Ke2 Kf8 13. Bxc6 Bxc6 14. Rhd1 Rg8 15. Nh4 Bxg2 16. Nxg2 Rxg2 17. Rh1 Rd8 18. Rag1 Rg6 19. Rxg6 fxg6 20. Ke3 Rd5
21. c4 Ra5 22. Kd3 Ra3+ 23. Kd2 Rxa2 24. Re1 Kf7 25. Re2 Ra3 26. Re3 Rxe3 27. fxe3 g5 28. Kd3 g4 29. e4 a5
0-1

[Event "8 Player Open 18"]
[Site "SchemingMind.com"]
[Date "2014.12.11"]
[Round "-"]
[White "pcmvr"]
[Black "Scooter"]
[Result "1-0"]
[WhiteCountry "NED"]
[BlackCountry "USA"]
[WhiteElo "2373"]
[WhiteRD "147"]
[BlackElo "1731"]
[BlackRD "44"]
[GameID "371244"]

1. b4 Nf6 2. Bb2 g6 3. Nf3 Bg7 4. c4 O-O 5. g3 b6 6. Bg2 Bb7 7. O-O d6 8. d3 e5 9. a3 Re8 10. Nc3 Nbd7
11. Qb3 Rb8 12. Ng5 Bxg2 13. Kxg2 h6 14. Nge4 Nxe4 15. Nxe4 Nf6 16. Nxf6+ Bxf6 17. Qa4 a5 18. bxa5 bxa5 19. Rab1 c5 20. Bc3 Qc7
21. Rb5 Rxb5 22. cxb5 Ra8 23. Qe4 Ra7 24. f4 Qb7 25. Qxb7 Rxb7 26. a4 Ra7 27. fxe5 Bxe5 28. Bxe5 dxe5 29. Rf6
1-0

[Event "8 Player Open 18"]
[Site "SchemingMind.com"]
[Date "2014.12.12"]
[Round "-"]
[White "Scooter"]
[Black "pcmvr"]
[Result "0-1"]
[WhiteCountry "USA"]
[BlackCountry "NED"]
[WhiteElo "1778"]
[WhiteRD "45"]
[BlackElo "2400"]
[BlackRD "167"]
[GameID "371245"]

1. d4 e6 2. Nf3 Nf6 3. Bg5 c5 4. e3 Be7 5. c3 b6 6. Be2 O-O 7. O-O h6 8. Bxf6 Bxf6 9. Nbd2 d6 10. Re1 Bb7
11. Rc1 Qc7 12. dxc5 bxc5 13. b3 Nc6 14. Ne4 Be7 15. c4 Nb4 16. Nc3 Qa5 17. a4 Qb6 18. Nd2 a6 19. Ra1 f5 20. Na2 Bf6
0-1

[Event "8 Player Open 18"]
[Site "SchemingMind.com"]
[Date "2014.12.13"]
[Round "-"]
[White "pcmvr"]
[Black "eun77"]
[Result "1-0"]
[WhiteCountry "NED"]
[BlackCountry "ISR"]
[WhiteElo "2462"]
[WhiteRD "121"]
[BlackElo "1293"]
[BlackRD "54"]
[GameID "371246"]

1. b4 b5 2. Bb2 c6 3. a4 bxa4 4. c3 e5 5. Qxa4 Nf6 6. Nf3 Be7 7. Nxe5 O-O 8. d4 h6 9. g3 Bd6 10. Bg2 Bxe5
11. dxe5 Nh7 12. Nd2 Bb7 13. Nc4
1-0

[Event "8 Player Open 18"]
[Site "SchemingMind.com"]
[Date "2014.12.14"]
[Round "-"]
[White "eun77"]
[Black "pcmvr"]
[Result "0-1"]
[WhiteCountry "ISR"]
[BlackCountry "NED"]
[WhiteElo "1293"]
[WhiteRD "54"]
[BlackElo "2462"]
[BlackRD "121"]
[GameID "371247"]

1. c4 e6 2. d3 c5 3. e4 d5 4. cxd5 exd5 5. Be2 Be7 6. h3 Nf6 7. Nf3 Nc6 8. O-O dxe4 9. dxe4 Nxe4 10. Qxd8+ Bxd8
11. Nh2 Bf5 12. Bf3 Nd4 13. Bxe4 Bxe4
0-1

[Event "8 Player Open 18"]
[Site "SchemingMind.com"]
[Date "2014.12.13"]
[Round "-"]
[White "simpet"]
[Black "pcmvr"]
[Result "0-1"]
[WhiteCountry "ENG"]
[BlackCountry "NED"]
[WhiteElo "1585"]
[WhiteRD "56"]
[BlackElo "2400"]
[BlackRD "167"]
[GameID "371249"]

1. e4 e6 2. e5 d5 3. d4 c5 4. Nf3 Nc6 5. c3 Bd7 6. Bg5 Qb6 7. Qd2 f6 8. exf6 Nxf6 9. Bxf6 gxf6 10. b3 cxd4
11. Nxd4 Nxd4 12. Qxd4 Qxd4 13. cxd4 Rc8 14. Nd2 Bb4 15. Rd1 Rc2 16. a4 Rb2 17. Be2 Ke7 18. Bf3 Rc8
0-1

[Event "8 Player Open 18"]
[Site "SchemingMind.com"]
[Date "2014.12.14"]
[Round "-"]
[White "pcmvr"]
[Black "kenneth m day"]
[Result "1-0"]
[WhiteCountry "NED"]
[BlackCountry "USA"]
[WhiteElo "2400"]
[WhiteRD "167"]
[BlackElo "1691"]
[BlackRD "48"]
[GameID "371309"]

1. b4 e5 2. Bb2 Bxb4 3. f4 e4 4. Bxg7 Nf6 5. Bxh8 d5 6. e3 Bg4 7. Qc1 Nbd7 8. Qb2 Qe7 9. a3 Ba5 10. Qxb7 Nb6
11. Qa6 Kd7 12. Bxf6 Qxf6 13. c3
1-0

[Event "8 Player Open 18"]
[Site "SchemingMind.com"]
[Date "2014.12.13"]
[Round "-"]
[White "kenneth m day"]
[Black "pcmvr"]
[Result "0-1"]
[WhiteCountry "USA"]
[BlackCountry "NED"]
[WhiteElo "1698"]
[WhiteRD "51"]
[BlackElo "2373"]
[BlackRD "147"]
[GameID "371310"]

1. e4 e6 2. d4 d5 3. Nd2 Nf6 4. e5 Nfd7 5. Bd3 c5 6. c3 Nc6 7. Ne2 cxd4 8. cxd4 f6 9. Nf3 fxe5 10. Nxe5 Ndxe5
11. dxe5 Nxe5 12. O-O Bd6 13. Be3 O-O 14. Rc1 Qh4 15. Ng3 Ng4 16. h3 Nxe3 17. Qe2 Nxf1 18. Nxf1 Bd7 19. Rc3 Rac8 20. Qe3 d4
21. Rxc8 dxe3 22. Rxf8+ Kxf8 23. Nxe3 Qd4
0-1

[Event "8 Player Open 18"]
[Site "SchemingMind.com"]
[Date "2014.12.15"]
[Round "-"]
[White "emvarela"]
[Black "kenneth m day"]
[Result "0-1"]
[WhiteCountry "ARG"]
[BlackCountry "USA"]
[WhiteElo "1679"]
[WhiteRD "50"]
[BlackElo "1792"]
[BlackRD "50"]
[GameID "371311"]

1. e4 d5 2. exd5 Qxd5 3. Nc3 Qd6 4. Nf3 Nf6 5. d4 a6 6. Be3 Bg4 7. h3 Bh5 8. Be2 Nc6 9. a3 O-O-O 10. Qd2 e6
11. O-O-O Nd5 12. Nxd5 Qxd5 13. g4 Bg6 14. Bd3 Qxf3 15. Bxg6 hxg6 16. Qc3 Bd6 17. Bg5 Bf4+ 18. Bxf4 Qxf4+ 19. Kb1 Qxf2 20. Rhf1 Qh4
21. Rxf7 Rd7 22. Rxd7 Kxd7 23. d5 exd5 24. Qxg7+ Kd6 25. Qxg6+ Kc5 26. b4+ Kb6 27. Rh1 Rd8 28. Qd3 Ne5 29. Qd4+ Kc6 30. Qxe5 Qf2
31. Qc3+ Kd7 32. Rd1 Kc8 33. Qe5 Qf3 34. Rd3 Qh1+ 35. Kb2 Qg2 36. Qf5+ Kb8 37. Kb3 Qh1 38. Ka4 Qg2 39. Rc3 d4 40. Qd3 Qd5
41. Rc5 b5+ 42. Ka5 Qd7 43. a4 c6 44. axb5 axb5 45. Qg3+ Kb7
0-1

[Event "8 Player Open 18"]
[Site "SchemingMind.com"]
[Date "2014.12.15"]
[Round "-"]
[White "kenneth m day"]
[Black "emvarela"]
[Result "1/2-1/2"]
[WhiteCountry "USA"]
[BlackCountry "ARG"]
[WhiteElo "1769"]
[WhiteRD "52"]
[BlackElo "1673"]
[BlackRD "49"]
[GameID "371312"]

1. e4 e5 2. f4 exf4 3. Nf3 f5 4. e5 d6 5. d4 dxe5 6. Bb5+ c6 7. Bc4 Qe7 8. O-O Nf6 9. dxe5 Qc5+ 10. Qd4 Ne4
11. Bxf4 Qxd4+ 12. Nxd4 Bc5 13. c3 Bxd4+ 14. cxd4 b5 15. Bb3 g5 16. Bc1 f4 17. Nc3 Nxc3 18. bxc3 Ke7 19. Bd2 Be6 20. Bc2 Nd7
21. h4 h6 22. a4 Nb6 23. a5 Nc4 24. Bc1 Rad8 25. Be4 Bd5 26. Bf5 Rdf8 27. Bg4 Ne3 28. Bxe3 fxe3 29. Rae1 Rxf1+ 30. Rxf1 Rf8
31. Rxf8 Kxf8 32. g3 Ke7 33. Kf1 Bc4+ 34. Be2 Bd5 35. hxg5 hxg5 36. Bd3 Ke6 37. Ke2 a6 38. Kxe3 c5 39. Be4 b4 40. Bxd5+ Kxd5
41. dxc5 bxc3 42. Kd3 c2 43. Kxc2 Kxe5 44. Kc3 Kd5 45. Kb4 g4 46. c6 Kxc6 47. Kc4 Kd6 48. Kd4=
1/2-1/2

[Event "8 Player Open 18"]
[Site "SchemingMind.com"]
[Date "2014.12.14"]
[Round "-"]
[White "Scooter"]
[Black "kenneth m day"]
[Result "1/2-1/2"]
[WhiteCountry "USA"]
[BlackCountry "USA"]
[WhiteElo "1778"]
[WhiteRD "45"]
[BlackElo "1691"]
[BlackRD "48"]
[GameID "371313"]

1. d4 Nf6 2. Nf3 d5 3. Bf4 c5 4. e3 Qb6 5. b3 Nc6 6. Be2 Bf5 7. c3 e6 8. O-O Be7 9. Bd3 Bg4 10. Nbd2 O-O
11. h3 Bh5 12. Qc2 cxd4 13. cxd4 Rac8 14. Qb2 Nb4 15. Ne5 Bg6 16. Bxg6 fxg6 17. Bg5 Rc7 18. Rac1 Rfc8 19. a3 Nc6 20. Ndf3 h6
21. Bxf6 Bxf6 22. Nxg6 Kf7 23. Nge5+ Nxe5 24. Nxe5+ Bxe5 25. dxe5 Rxc1 26. Rxc1 Rxc1+ 27. Qxc1 Qxb3 28. Qc7+ Kg6 29. Qe7 Qb6 30. g3 Qb1+
31. Kh2 Qf5 32. Kg2 Qe4+ 33. Kh2 Qf5=
1/2-1/2

[Event "8 Player Open 18"]
[Site "SchemingMind.com"]
[Date "2014.12.13"]
[Round "-"]
[White "kenneth m day"]
[Black "Scooter"]
[Result "0-1"]
[WhiteCountry "USA"]
[BlackCountry "USA"]
[WhiteElo "1698"]
[WhiteRD "51"]
[BlackElo "1731"]
[BlackRD "44"]
[GameID "371314"]

1. e4 c6 2. c4 d5 3. cxd5 cxd5 4. exd5 Qxd5 5. d4 Nf6 6. Nc3 Qd8 7. Bc4 e6 8. Nf3 Be7 9. O-O O-O 10. Bf4 a6
11. Qe2 Nbd7 12. Rfd1 b5 13. Bb3 Bb7 14. Rac1 Rc8 15. Ne5 Qb6 16. Be3 Qd8 17. h3 Ne4 18. Nxe4 Bxe4 19. Bf4 Rxc1 20. Rxc1 Bb7
21. Qd3 Nxe5 22. Bxe5 Bf6 23. Bc2 g6 24. Qe3 Qd5 25. f3 Bxe5 26. dxe5 Rc8 27. Kh2 Rc5 28. Rd1 Qxe5+ 29. Qxe5 Rxe5 30. Rd8+ Kg7
31. Rd2 Rd5 32. Rxd5 Bxd5 33. b3 Kf6 34. Kg3 Ke5 35. Kf2 Kd4 36. Ke2 Kc3 37. Kd1 Kb2 38. Kd2 Kxa2 39. Kc3 a5 40. b4 axb4+
41. Kxb4 Bc4 42. Be4 Kb2 43. Bc6 Kc2 44. Bxb5 Bxb5 45. Kxb5 Kd2 46. Kc5 Ke2 47. Kd6 Kf2 48. Ke7 Kxg2 49. Kxf7 Kxf3 50. Kxe6 Kg3
51. Kf6 Kxh3 52. Kg5 Kg3 53. Kh6 Kh4 54. Kxh7 g5
0-1

[Event "8 Player Open 18"]
[Site "SchemingMind.com"]
[Date "2014.12.13"]
[Round "-"]
[White "kenneth m day"]
[Black "eun77"]
[Result "1-0"]
[WhiteCountry "USA"]
[BlackCountry "ISR"]
[WhiteElo "1730"]
[WhiteRD "50"]
[BlackElo "1293"]
[BlackRD "54"]
[GameID "371315"]

1. e4 e5 2. f4 exf4 3. Nf3 d6 4. d4 Be7 5. Bxf4 h6 6. Nc3 Nf6 7. Be2 c6 8. O-O O-O 9. Qd2 Nh7 10. Rad1 Bg5
11. Nxg5 Nxg5 12. h4 Ne6 13. Bh2 Nd7 14. Bxd6 Re8 15. Bh5
1-0

[Event "8 Player Open 18"]
[Site "SchemingMind.com"]
[Date "2014.12.14"]
[Round "-"]
[White "eun77"]
[Black "kenneth m day"]
[Result "0-1"]
[WhiteCountry "ISR"]
[BlackCountry "USA"]
[WhiteElo "1293"]
[WhiteRD "54"]
[BlackElo "1730"]
[BlackRD "50"]
[GameID "371316"]

1. Nf3 Nf6 2. d4 d5 3. h3 c5 4. e3 Nc6 5. dxc5 e5 6. Bb5 Bxc5 7. Bxc6+ bxc6 8. O-O O-O 9. b3 Re8 10. Ba3 Qd6
11. Bxc5 Qxc5 12. Nh2 Ne4 13. a4 Bf5 14. Nf3 f6 15. Nfd2 Rad8 16. Nxe4 Bxe4 17. Ra2 d4
0-1

[Event "8 Player Open 18"]
[Site "SchemingMind.com"]
[Date "2014.12.13"]
[Round "-"]
[White "kenneth m day"]
[Black "simpet"]
[Result "1-0"]
[WhiteCountry "USA"]
[BlackCountry "ENG"]
[WhiteElo "1792"]
[WhiteRD "50"]
[BlackElo "1487"]
[BlackRD "67"]
[GameID "371317"]

1. e4 e5 2. f4 Nc6 3. Nf3 d6 4. Nc3 f6 5. Bc4 Na5 6. Bb5+ c6 7. Be2 Bg4 8. O-O Qb6+ 9. Kh1 O-O-O 10. a3 exf4
11. d4 g5 12. b4 Bg7 13. Na4 Qc7 14. bxa5 Qxa5 15. c4 h5 16. Bd2 Qc7 17. Rb1 Be6 18. Qb3 Ne7 19. Ba5 Qd7 20. Bxd8 Rxd8
21. Rfc1 g4 22. Nh4 g3 23. h3 Bxh3 24. Bxh5 f5 25. Qxb7+ Qxb7 26. Rxb7 Kxb7 27. gxh3 Rh8 28. Bf3 Rxh4 29. Kg2 fxe4 30. Bxe4 Bxd4
31. Rd1 Be3 32. Rxd6 Kc7 33. Rd3 Nc8 34. Nc3 Nd6 35. Nd1 Bc5 36. Bf3 Bb6 37. Nb2 Be3 38. c5 Bxc5 39. Na4 Bb6 40. Rc3 Nf7
41. Rxc6+ Kd7 42. Rf6 Ng5 43. Bg4+ Ke7 44. Rxf4 Bc7 45. Rf5 Ne4 46. Rd5 Nf6 47. Rc5 Bd6 48. Rg5
1-0

[Event "8 Player Open 18"]
[Site "SchemingMind.com"]
[Date "2014.12.14"]
[Round "-"]
[White "simpet"]
[Black "kenneth m day"]
[Result "0-1"]
[WhiteCountry "ENG"]
[BlackCountry "USA"]
[WhiteElo "1487"]
[WhiteRD "67"]
[BlackElo "1792"]
[BlackRD "50"]
[GameID "371318"]

1. e4 d5 2. e5 Nc6 3. Nf3 Bg4 4. Be2 Bxf3 5. Bxf3 Nxe5 6. O-O Nf6 7. d4 Nxf3+ 8. Qxf3 g6 9. Nc3 Bg7 10. Be3 O-O
11. Qe2 Qd7 12. Qb5 c6 13. Qd3 Rfe8 14. Ne2 e5 15. c3 Ne4 16. f3 Nd6 17. Ng3 Rac8 18. b3 Qe6 19. Rae1 Qd7 20. Qd2 exd4
21. Bxd4 Nf5 22. Nxf5 Qxf5 23. Bxg7 Kxg7 24. Rxe8 Rxe8 25. Qd4+ Qf6 26. Qxf6+ Kxf6 27. Kf2 Re5 28. Re1 Rxe1 29. Kxe1 Ke5 30. Ke2 c5
31. Ke3 f5 32. a4 b6 33. h4 h6 34. f4+ Ke6 35. b4 Kd6 36. g3 a6 37. Kd3 cxb4 38. cxb4 a5 39. bxa5 bxa5 40. Kd4 Kc6
41. Ke5 Kc5 42. Kf6 d4 43. Kxg6 d3 44. Kxh6 d2 45. Kg5 d1=Q
0-1

[Event "8 Player Open 18"]
[Site "SchemingMind.com"]
[Date "2014.12.16"]
[Round "-"]
[White "pcmvr"]
[Black "The Stonewall"]
[Result "1-0"]
[WhiteCountry "NED"]
[BlackCountry "ENG"]
[WhiteElo "2462"]
[WhiteRD "121"]
[BlackElo "2251"]
[BlackRD "87"]
[GameID "371358"]

1. b4 c6 2. Bb2 Qb6 3. a3 a5 4. c4 axb4 5. c5 Qc7 6. axb4 Rxa1 7. Bxa1 d6 8. cxd6 Qxd6 9. b5 cxb5 10. Nf3 Nc6
11. Nc3 b4 12. Nb5 Qd8 13. Be5 Nxe5 14. Nxe5 Nf6 15. Qc2 e6 16. Nc7+ Ke7 17. Qc5+ Qd6 18. Qxd6+ Kxd6 19. Nxf7+ Kxc7 20. Nxh8 e5
21. Nf7 b3 22. e4 Bc5 23. Bd3 Ng4 24. Rf1 Nxh2 25. Rh1 Ng4 26. Rxh7 Nxf2 27. Bb1 Ng4 28. Rxg7 Bd7 29. Ng5 Kd6 30. Ke2 b2
31. Kd3 Bd4 32. Kc4 Nh2 33. Kb3 b5 34. Rh7 Nf1 35. Nf3 Be6+ 36. Kc2 b4 37. Rh6 Ke7 38. Kd3 Bc5 39. Rg6 Bd7 40. Kc2 Bb5
41. Kxb2 Be2 42. Rg5 Bd6 43. d4
1-0

[Event "8 Player Open 18"]
[Site "SchemingMind.com"]
[Date "2014.12.18"]
[Round "-"]
[White "The Stonewall"]
[Black "pcmvr"]
[Result "0-1"]
[WhiteCountry "ENG"]
[BlackCountry "NED"]
[WhiteElo "2251"]
[WhiteRD "87"]
[BlackElo "2462"]
[BlackRD "121"]
[GameID "371359"]

1. e4 e6 2. d3 c5 3. Nd2 d5 4. Ngf3 Nc6 5. g3 Bd6 6. Bg2 Nge7 7. O-O O-O 8. Nh4 Bd7 9. f4 f5 10. e5 Bc7
11. Nb3 Bb6 12. c4 a5 13. Be3 d4 14. Bd2 a4 15. Nc1 Ba5 16. Nf3 Bxd2 17. Qxd2 Qc7 18. Ne2 Rfb8 19. Rac1 b5 20. Rc2 bxc4
21. Rxc4 Qb6 22. Rb1 Nd5 23. Rcc1 Ne3 24. Bh1 Ra6 25. b4 axb3 26. Rxb3 Qa7 27. Rxb8+ Nxb8 28. Rb1 Rxa2 29. Rxb8+ Be8 30. Rb2 Ra1+
31. Nc1 c4 32. Qe1 c3
0-1

[Event "8 Player Open 18"]
[Site "SchemingMind.com"]
[Date "2014.12.18"]
[Round "-"]
[White "The Stonewall"]
[Black "emvarela"]
[Result "1-0"]
[WhiteCountry "ENG"]
[BlackCountry "ARG"]
[WhiteElo "2274"]
[WhiteRD "93"]
[BlackElo "1693"]
[BlackRD "51"]
[GameID "371360"]

1. e4 e5 2. Bc4 c6 3. d4 d5 4. exd5 cxd5 5. Bb5+ Bd7 6. Bxd7+ Nxd7 7. dxe5 Nxe5 8. Qe2 Qe7 9. Nc3 Nf6 10. Be3 Nc4
11. Bd4 Qxe2+ 12. Ngxe2 Bb4 13. Bxf6 gxf6 14. O-O-O Bxc3 15. Nxc3 O-O-O 16. Nxd5 Rd6 17. Rd4 Ne5 18. Rhd1 Re6 19. Rf4 Nd7 20. Rg4 Rhe8
21. Rg7 Re2 22. Rxf7 Rxf2 23. Ne7+ Kd8 24. Nf5
1-0

[Event "8 Player Open 18"]
[Site "SchemingMind.com"]
[Date "2014.12.18"]
[Round "-"]
[White "emvarela"]
[Black "The Stonewall"]
[Result "0-1"]
[WhiteCountry "ARG"]
[BlackCountry "ENG"]
[WhiteElo "1679"]
[WhiteRD "50"]
[BlackElo "2264"]
[BlackRD "86"]
[GameID "371361"]

1. e4 Nf6 2. e5 Nd5 3. c4 Nb6 4. d4 d6 5. f4 g6 6. Nf3 Bg7 7. Nc3 O-O 8. Bd3 Nc6 9. O-O Bg4 10. Be3 e6
11. h3 Bf5 12. Bxf5 Nxc4 13. Qe2 Nxe3 14. Bxg6 fxg6 15. Qxe3 d5 16. a3 Ne7 17. g4 Qd7 18. b4 Nc8 19. b5 Nb6 20. Nd2 c5
21. a4 cxd4 22. Qxd4 Rac8 23. Rfc1 Nc4 24. Nce4 Rxf4 25. Nf6+ Bxf6 26. Qxf4 Bxe5 27. Qf2 Bxa1
0-1